[Event "Moscow Aeroflot op"]
[Site "Moscow"]
[Date "2002.02.06"]
[Round "3"]
[White "Loginov, Valery A"]
[Black "Van Wely, Loek"]
[Result "1-0"]
[WhiteElo "2524"]
[BlackElo "2697"]
[Annotator "Ribli,Z"]
[PlyCount "74"]
[EventDate "2002.02.04"]
[EventType "swiss"]
[EventRounds "9"]
[EventCountry "RUS"]
[SourceTitle "CBM 088"]
[Source "ChessBase"]
[SourceDate "2002.03.21"]
[SourceVersion "1"]
[SourceVersionDate "2002.03.21"]
[SourceQuality "1"]

1. Nf3 c5 2. c4 Nf6 3. Nc3 d5 {Dieser Zug wird relativ selten gespielt. Meiner
Meinung nach ist der Textzug aber keineswegs schlechter als die Alternativen 4.
..Nc6, 4...e6 oder 4...g6.} 4. cxd5 Nxd5 5. e4 {Das ist die ambitionierteste
Fortsetzung - die Alternativen lauten hier 5.d4, 5.e3 und 5.g3.} Nb4 {Das ist
die Hauptfortsetzung. Nach 5...Nxc3, was auch eine gute Fortsetzung für
Schwarz ist - kann Weiß entweder 6.bxc3 oder 6.dxc3 spielen. Beides führt zu
einfachem Spiel. Ich vermute, dass van Wely angesichts der Elo-Differenz diese
Vereinfachungen vermeiden wollte.} 6. Bc4 (6. Bb5+) 6... Nd3+ (6... Be6) 7. Ke2
Nf4+ 8. Kf1 Ne6 9. b4 {Das ist ein bekanntes Bauernopfer - in der Folge
bekommt Weiß ein starkes Bauernzentrum. Ich bin allerdings keineswegs von der
Korrektheit dieses Opfers überzeugt.} (9. Ne5) 9... cxb4 {Schwarz nimmt die
Herausforderung an - die Alternative wäre 9...g6 10.bxc5 Bg7 11.Bxe6 Bxe6 12.
d4 Nc6 13.Be3 Qa5 mit komplizierter Stellung.} 10. Ne2 (10. Nd5 Nc6 11. d4 g6
12. Be3 Bg7 13. Qd2 O-O 14. Rd1 a5 15. h4 h5 16. Bh6 Kh7 17. Bxg7 Nxg7 18. Ng5+
Kg8 19. Qf4 {1/2-1/2 Piket,J-Van Wely,L/Escaldes 1998/CBM 68 (19)}) 10... Nc7 (
10... g6 11. Bb2 Bg7 12. Bxe6 Bxb2 13. Bxf7+ Kf8 (13... Kxf7 14. Qb3+ e6 15.
Qxb2 Rf8 16. h4 {1-0 Kavalek,L-Zimmermann,F/Germany 1984/GER-chT (34)}) 14. Bc4
Nc6 15. Rb1 Bf6 16. d4 Bg4 17. e5 {1-0 Tabatadze,T-Putjatina,N/Ostrava 1992/
EXT 97 (30)}) (10... Nc5 11. Qc2 e6 12. d4 Ncd7 13. Bb2 Nb6 14. Bd3 Bd7 15. Rc1
Na6 16. Qd2 Rc8 17. h4 {1-0 Miles,A-Hort,V/London 1983/EXT 2001 (35)}) 11. d4
e6 12. h4 (12. Bb2 Nd7 13. h4 Nf6 14. Bd3 Bd7 15. h5 h6 16. Nf4 Be7 17. Qe2 a6
18. Rh3 Bd6 19. Qd2 Bxf4 20. Qxf4 Bb5 {0-1 Psakhis,L-Vaganian,R/Lvov 1984/MCL 
(44)}) 12... b5 $146 {[%mdl 4]} (12... Bd6 13. h5 h6 14. Rh4 Nd7 15. Bb2 Be7
16. Rh3 Nf6 17. Bd3 Bd7 18. Ne5 Bb5 $13 19. Kg1 O-O 20. Nf4 Rc8 21. Rg3 {
1-0 Huebner,R-Tukmakov,V/Wijk aan Zee 1984/MCL/[Bulletin] (36)}) (12... Nd7 $6
13. Bg5 Be7 14. Rc1 Nb6 15. Bd3 f6 16. Bf4 Na6 17. h5 O-O 18. Qb3 Bd7 19. Ng3
Kh8 20. Nh4 {1-0 Kasparov,G-Gruenberg,R/Hamburg 1985/MCL (50)}) 13. Bd3 Bb7 14.
h5 $44 {Weiß hat ein starkes Bauernzentrum und Initiative am Königsflügel.} h6
15. Rh4 $6 {[%csl Rh4][%cal Gd8h4]} (15. Bb2 Be7 (15... Bd6 16. Rc1 O-O 17. Bb1
$44 {[%cal Gd1d3,Gb1h7]}) (15... Nd7 16. Rc1 Rc8 17. Rh3 $44) 16. Rh3 $44 {
[%cal Gh3g3,Gg3g7]}) 15... Nd7 16. Bf4 a6 $13 17. Nc1 {[%cal Gc1b3]} (17. Rc1
e5 18. Bg3 Ne6 19. d5 Nec5 $15) 17... e5 $1 $15 {Mit diesem Bauernopfer will
Schwarz die etwas exponierte Stellung des Rh4 ausnutzen. 18.Nxe5 geht jetzt
nicht.} 18. Bg3 (18. dxe5 Ne6 19. Be3 Be7 (19... Nxe5 $2 20. Nxe5 Qxh4 21.
Bxb5+ $18) 20. Rg4 Qc7 $15) 18... exd4 (18... Be7) 19. Nb3 Ne6 (19... Be7 20.
Rg4 Nf6 21. Bxc7 (21. Rxg7 Ne6 $19 {[%csl Rg7]}) 21... Qxc7 22. Rxg7 Nxh5 23.
Rg4 Bc8 $19) 20. Nfxd4 Ndc5 $2 {Schwarz ist zu optimistisch.} (20... Nxd4 21.
Nxd4 Be7 22. Nf5 (22. Rg4 Nf6 23. Rxg7 Kf8 24. Rxf7+ Kxf7 25. Qb3+ Ke8 26. Ne6
Qb6 $17) 22... Nc5 23. Nxe7 Qxe7 $15) 21. Nxc5 Bxc5 $6 (21... Nxc5 22. Bc2 Rc8
(22... Be7 23. Rg4 Bf6 (23... Bg5 24. Nf5 $36) 24. e5) 23. Rg4 $36) 22. Nf5 $36
{[%csl Gf5][%mdl 2048] Der Springer steht sehr aktiv auf f5. - Ich möchte an
dieser Stelle eine sportliche Anmerkung machen - die Bedenkzeit betrug bei
diesem Turnier 90 Minuten, plus Bonus von 30 Sekunden pro Zug (neue FIDE-Regel)
. Unter derartigen Bedingungen ist die Aufgabe des Verteidigers in der Regel
schwerer.} O-O 23. Rg4 Ng5 24. Rc1 (24. Qb3 $5) 24... Rc8 25. Qb3 Re8 (25...
Be7 26. Rd1 Rc3 27. Qb1 $36) (25... Bd4 26. Rd1 $16 {[%cal Gd1d8]}) 26. Rd1 Qf6
27. e5 Qc6 28. Bf4 Rcd8 $2 {Das ist der entscheidende Fehler.} (28... Qe6 $142
29. Bxg5 hxg5 (29... Bd5 30. Bf6 $1 Bxb3 31. Nxh6+ Kf8 32. Rxg7 $18) 30. Rxg5
Bf8 31. h6 g6 32. Nd6 $36) 29. Bxg5 hxg5 30. Rxg5 $16 {[%csl Gd3,Gf5,Gg5,Rg8]
[%cal Gb3g8] Jetzt ist die Stellung zwar materiell ausgeglichen, aber Weiß
führt einen sehr starken Angriff am Königsflügel.} Bf8 31. h6 g6 32. h7+ Kh8
33. Qxf7 $18 Qe6 34. Qxb7 Rxd3 (34... Rd7 35. Qf3 (35. Qxd7 Qxd7 36. Nh4 $18)
35... Rxh7 36. Ng3 $18) 35. Rxd3 Qc4 36. Qd5 Qc1+ 37. Rd1 Qxg5 {Und mit diesem
Zug gab Schwarz zugleich auf.} (37... Qxg5 38. Qg8#) 1-0

[Event "Moscow Aeroflot op"]
[Site "Moscow"]
[Date "2002.02.07"]
[Round "5"]
[White "Loginov, Valery A"]
[Black "Kobalia, Mihail"]
[Result "1-0"]
[WhiteElo "2524"]
[BlackElo "2620"]
[Annotator "Horn,Pe"]
[PlyCount "111"]
[EventDate "2002.02.04"]
[EventType "swiss"]
[EventRounds "9"]
[EventCountry "RUS"]
[SourceTitle "CBM 088"]
[Source "ChessBase"]
[SourceDate "2002.03.21"]
[SourceVersion "1"]
[SourceVersionDate "2002.03.21"]
[SourceQuality "1"]

1. Nf3 d5 2. g3 Nf6 3. Bg2 c6 4. O-O Bf5 5. c4 e6 6. d3 h6 7. Be3 (7. cxd5 {
Loginov ist (in der Vergangenheit) ein Vertreter des Tauschs gewesen. Er mußte
damit rechnen, daß seine Vorliebe seinem Gegner nicht unbekannt war.}) 7... Bd6
{Recht ungewöhnlich.} (7... dxc4 $14) (7... Be7 8. Qb3 Qc8) 8. Qb3 Qc7 $146 (
8... Qc8 9. Nc3 Na6 10. Rac1 dxc4 11. Qxc4 $16 {Fritz,R-Mertens,K/Seefeld 1998}
) 9. Nc3 Ng4 10. Bd2 ({Es ist mir nicht klar, wie Kobalija nach} 10. cxd5 {
Nachteil vermeiden wollte:} exd5 (10... Nxe3 11. dxc6 $5 bxc6 12. fxe3 {
und ich sehe keine Kompensation.}) 11. Bd4 O-O 12. h3 $16) 10... Nd7 11. cxd5
exd5 12. Rac1 Qb6 13. Qc2 O-O 14. e4 {Nun ist doch wieder die Loginov gut
vertraute Bauernstruktur entstanden.} dxe4 15. dxe4 Bh7 {Die typische
Situation: Weiß besetzt das Zentrum und Schwarz setzt es mit seinen Figuren
unter Druck.} 16. Rcd1 ({Das scheinbar unangenehme} 16. Qd3 {findet eine
ausreichende Riposte in} Nxf2 $1 (16... c5 17. Nd5 $14) 17. Rxf2 Bc5 18. Rcf1
Rad8 19. Qe2 Bxf2+ 20. Qxf2 Qxf2+ 21. Rxf2 Rfe8 $44) 16... Qc7 17. h3 (17. Bxh6
{führt zu nichts:} Nxh6 18. Qd2 Bxg3 $132) 17... Ngf6 18. Nd4 Rfe8 19. Rfe1
Rad8 20. Be3 Bb4 21. Nde2 Bc5 22. Bd4 Bxd4 23. Nxd4 Qb6 24. a3 Nc5 25. b4 (25.
Nf5 $6 Bxf5 26. exf5 Rxe1+ 27. Rxe1 Nb3 $15) 25... Ncxe4 26. Bxe4 Nxe4 27. Nxe4
Kh8 ({Der direkte (und sichere) Weg war} 27... Re5 28. Qd3 (28. Nxc6 bxc6 $17)
(28. Nf3 {kommt auch in Betracht, da die geschwächte schwarze Bauernstruktur
am Königsflügel nach} Rxd1 29. Nf6+ gxf6 30. Qxd1 Rxe1+ 31. Nxe1 {dem Weißen
einiges Gegenspiel bringt.}) 28... Red5 29. Qc4 Rxd4 30. Rxd4 Qxd4 (30... Rxd4
$2 {Vor derartigen Situationen wollte Kobalija mit Kh8 sicher Reißaus nehmen.}
31. Ng5 $1 $18) 31. Qxd4 Rxd4 32. Nd6 $11 {führt zum Rückgewinn des Bauern.}) (
27... Rxd4 $2 28. Nf6+ $18) 28. Qd3 $1 Re7 (28... Re5 29. Re2 Red5 30. Red2
Rxd4 31. Qxd4 Rxd4 32. Rxd4 {führt zur selben Stellung wie die beim 29.Zug
angegebene Variante.}) 29. Re2 a5 $2 (29... Red7 30. Red2 Rxd4 31. Qxd4 Rxd4
32. Rxd4 Bf5 $14) 30. bxa5 Qxa5 31. Qc3 Qa4 32. Rdd2 Rxe4 33. Ne6 $1 Rg8 $2 ({
Das spektakuläre} 33... Qd1+ {führt nach} 34. Rxd1 Rxd1+ 35. Kh2 fxe6 36. Qf3
Rxe2 37. Qxe2 $14 {zu einem etwas besseren Endspiel für Weiß.}) 34. Nc5 {
Für die Qualität gibt es nicht genügend Ersatz:} Qb5 35. Nxe4 Qb1+ 36. Kg2
Bxe4+ 37. f3 Bd5 38. Rb2 Qd1 39. Re1 Qa4 40. Rxb7 $18 Ra8 41. Re3 Qd1 42. Rbe7
Rb8 43. Re8+ Rxe8 44. Rxe8+ Kh7 45. Re1 Qa4 46. Qd3+ g6 47. Re8 Kg7 48. Qc3+ f6
49. Qc5 g5 50. Re7+ Kg6 51. Qc3 Qd1 52. Re1 Qa4 53. Qd3+ Kg7 54. Re7+ Kf8 55.
Qh7 Bxf3+ 56. Kh2 1-0

[Event "Moscow Aeroflot op"]
[Site "Moscow"]
[Date "2002.02.08"]
[Round "6"]
[White "Macieja, Bartlomiej"]
[Black "Loginov, Valery A"]
[Result "0-1"]
[WhiteElo "2612"]
[BlackElo "2524"]
[Annotator "Ftacnik,L"]
[PlyCount "54"]
[EventDate "2002.02.04"]
[EventType "swiss"]
[EventRounds "9"]
[EventCountry "RUS"]
[SourceTitle "CBM 088"]
[Source "ChessBase"]
[SourceDate "2002.03.21"]
[SourceVersion "1"]
[SourceVersionDate "2002.03.21"]
[SourceQuality "1"]

1. e4 c5 2. Nc3 Nc6 3. Nf3 d6 4. d4 cxd4 5. Nxd4 Nf6 6. Bc4 e6 7. Be3 Be7 8.
Qe2 O-O 9. O-O-O a6 10. Bb3 Qe8 11. Rhg1 Nd7 12. g4 Nc5 13. g5 b5 14. Nxc6 Qxc6
15. Bd4 (15. Bd5 exd5 16. Nxd5 Re8 17. Bd4 Bf5 18. Bxg7 Nxe4 19. Qf3 Rac8 20.
c3 Bg6 21. Bf6 Nxf6 22. gxf6 Bf8 23. Rd4 Re5 {0-1 Bogachkov,I-Loginov,V/St
Petersburg 2002/ (29)}) (15. Rd4 Nxb3+ 16. axb3 Bb7 17. h4 Rfc8 18. h5 a5 19.
g6 a4 20. gxf7+ Kxf7 21. Qf3+ Bf6 22. h6 gxh6 23. Qh5+ Ke7 24. Qxh6 Rf8 25. Bg5
Bxg5+ 26. Qxg5+ Rf6 27. Nd5+ {1-0 Nykopp,J-Maki,V/Helsinki 1984/ (27)}) (15.
Bxc5 Qxc5 16. f4 Bd7 17. e5 Bc6 18. f5 Qxe5 19. Qxe5 dxe5 20. fxe6 fxe6 21.
Bxe6+ Kh8 22. Bd5 {1-0 Rosito,J-Sola,R/Buenos Aires 1997/ (47)}) 15... Bd7 (
15... Nxb3+ 16. cxb3 (16. axb3 Bd7 17. Qh5 Rfc8 18. Bf6 g6 19. Qh4 Bf8 20. Rd3
e5 21. Rgg3 h5 22. gxh6 Kh7 23. Bg7 {1-0 Ilincic,Z-Kiss,A/Aosta 1989/ (30)})
16... b4 17. Qh5 bxc3 18. Qh6 e5 19. Bxe5 dxe5 20. Qxc6 cxb2+ 21. Kxb2 Be6 22.
Qc7 {1-0 Soltis,A-Gurevich,D/Lone Pine 1981/ (22)}) 16. Bd5 exd5 17. Nxd5 Rfe8
18. Nf6+ $6 {[%mdl 4] This brave move will badly bacfire, white needs more
convincing method of attacking black's kingside for his sacrificed bishop.} (
18. Qh5 Rac8 19. c3 Ne6 20. Bxg7 Kxg7 21. Nf6 Bxf6 22. gxf6+ Kh8 23. Rd5 {
1-0 Anand,V-Wegner,H/London 1987/ (23)}) 18... Bxf6 $1 (18... Kh8 19. Qh5 Bxf6
(19... gxf6 20. gxf6 Ne6 21. Qxf7 Bd8 22. Qxe8+ Bxe8 23. f7+ $18) 20. gxf6 g6
21. Qh6 Ne6 22. Rg4 (22. Rg3 Qxe4 23. Rh3 Qf4+ $19) 22... Rac8 23. Bc3 g5 24.
Rxg5 b4 25. Rh5 Qxe4 26. Rh4 Qf5 27. Rd5 Qg6 28. Qxg6 fxg6 29. Rxb4 Kg8 30.
Rxd6 Nc5 $15) 19. gxf6 g6 20. f3 (20. Qe3 Rxe4 21. Qh6 Ne6 22. Rg3 Re2 23. Bc3
Qe4 $19) 20... Rac8 21. Bc3 (21. Qd2 b4 22. Qxb4 Nd3+ $19) 21... b4 22. Bxb4
Nxe4 $1 {Loginov is playing very forcefully and white finds no time even to
dream about some counterplay.} 23. Rg2 (23. fxe4 Rxe4 24. Qd2 Rxb4 25. c3 d5
26. Qh6 (26. Rgf1 Rh4 $19) 26... Qxf6 $19) 23... Bh3 $1 (23... Nxf6 24. Qd3 Be6
$19) 24. fxe4 Rxe4 25. Qd2 Bxg2 26. Bc3 (26. Qxg2 Rxb4 $19) 26... Rh4 27. Rg1
Be4 0-1